1753 1027 1991 1743 1412 1316 1060 1286 1485 1509 1678 1945 1212 1551 1536 1477 1786 1264 1496 1699 1302 1139 1389 1262 1975 1769 1732 1423 1887 1479 1486 1711 1461 1048 1982 1866 1762 1647 1432 1025 1681 1058 1507 1357 1456 1816 1793 1214 1502 1211 1010 1767 1083 1923 1322 1922 1742 1415 1461 1642 1608 1859 1985 1654 1335 1970 1944 1116 1149 1542 1988 1473 1442 1978 1660 1820 1078 1668 1751 1550 1187 1431 1255 1157 1588 1875 1161 1304 1236 1507 1902 1164 1005 1042 1154 1842 1111 1473 1821 BCNSPRNW ULIB Ver.6.0+V

เปลี่ยนเป็นภาษาไทย

Change to English
 แสดงรายละเอียดบรรณานุกรม
  กลับหน้าหลัก

Brief Record : Get Marc (ISO 2709) : E-mail record : QR code < ปิดหน้าต่าง
LEADER : 00000nam 2200000uu 4500
001    13399110919
003     ULIB
008    110613s||||||||th 000 0 tha d
020    9749152352
050  4 AC158^bฟ855อ 2547
100    แฟรงค์, เดวิด วี
245    สุขภาพและชีววิทยามนุษย์/ ^cผู้แต่ง แฟรงค์, เดวิด วี; แปล ตรัยเทพ เกษศิลป์
246 31 สำรวจโลกวิทยาศาสตร์
260    กรุงเทพฯ : ^bเพียร์สัน เอ็ดดูเคชั่น อินโดไชน่า, ^c2547
300    176 หน้า : ^bภาพประกอบ ; ^c28 ซม.
490    สำรวจโลกวิทยาศาสตร์
650  7 การทดลอง
650  7 เคมี
650  7 วิทยาศาสตร์
700    ตรัยเทพ เกษศิลป์, ^eผู้แปล
945    ^p0^l0^i028547
995    ทศพร
999 ^a ใช้งานได้ทุกระบบ
รายการนี้ยังไม่มีแท็ก
คุณยังไม่ได้ล็อกอิน คุณสามารถมีกิจกรรมร่วมกับเว็บไซต์ได้ แต่ต้องล็อกอินก่อน ::
  ล็อกอิน

รายการสื่อสารสนเทศ

ลำดับที่ ประเภท เลขเรียก/บาร์โค้ด สถานที่ สถานะ
- ไม่พบข้อมูล -

รายการใกล้เคียง
    ผู้แต่ง [แฟรงค์, เดวิด วี]

    หัวเรื่อง [การทดลอง]
    หัวเรื่อง [เคมี]
    หัวเรื่อง [วิทยาศาสตร์]

BibComment


ยังไม่เคยถูกคอมเมนท์

คอมเมนท์ทรัพยากรรายการนี้
  คอมเมนท์: สุขภาพและชีววิทยา..


 Copyright 2026. Bcnsprnw @Library